000 00907cam a22002891 4500
001 14203
003 BD-RjUL
005 20211208235604.0
008 140205s1950 nyuab 001 0 eng d
035 _a(BD-RjUL)14255
035 _a(OCoLC)1579435
040 _aDLC
_cFMU
_dOCoLC
_dUk
_dDLC
_dBD-RjUL
_beng
041 _aeng
082 _a631.7
_bROM 1950
100 1 _aRoe, Harry Burgess,
_d1876-
_944358
245 1 0 _aMoisture requirements in agriculture :
_bfarm irrigation /
250 _a1st ed.
260 _aNew York:
_aLondon ;
_bMcGraw-Hill,
_cc1950.
300 _axviii, 413 p. :
_billus., maps (1 fold.) charts. :
_c23 cm.
490 0 _aMcGraw-Hill publications in agricultural engineering.
504 _aBibliographical references: p. 389-390.
650 0 _aIrrigation.
_944359
650 0 _aIrrigation farming.
_944360
942 _2ddc
_cBK
999 _c14203
_d14203